Studies in phenomenology (Record no. 194107)

MARC details
000 -LEADER
fixed length control field 00706nam a2200229Ia 4500
003 - CONTROL NUMBER IDENTIFIER
control field OSt
005 - DATE AND TIME OF LATEST TRANSACTION
control field 20251212112816.0
008 - FIXED-LENGTH DATA ELEMENTS--GENERAL INFORMATION
fixed length control field 220917b |||||||| |||| 00| 0 eng d
037 ## - SOURCE OF ACQUISITION
Terms of availability TB
040 ## - CATALOGING SOURCE
Original cataloging agency ARTS
Transcribing agency ARTS
Language of cataloging eng
041 ## - LANGUAGE CODE
Source of code eng
Language code of text/sound track or separate title eng
084 ## - COLON CLASSIFICATION NUMBER
Classification number R3xM59:g K9(TB)
Assigning agency AL
100 ## - MAIN ENTRY--PERSONAL NAME
Personal name Sinha, Debabrata
9 (RLIN) 78910
245 #0 - TITLE STATEMENT
Title Studies in phenomenology
260 ## - PUBLICATION, DISTRIBUTION, ETC.
Place of publication, distribution, etc. Hague, Netherlands:
Name of publisher, distributor, etc. Martinus Nijhoff,
Date of publication, distribution, etc. 1969.
300 ## - PHYSICAL DESCRIPTION
Extent 136p.
Dimensions cm.
490 ## - SERIES STATEMENT
Series statement Pahenomenologica : collection spubliee sous le patronage des centres D'archives Husserl; 30
500 ## - GENERAL NOTE
General note Bib 131-34p
650 ## - SUBJECT ADDED ENTRY--TOPICAL TERM
Topical term or geographic name entry element PHILOSOPHY
9 (RLIN) 856208
942 ## - ADDED ENTRY ELEMENTS (KOHA)
Classification part R3x K9
Koha item type Textbook
Source of classification or shelving scheme Colon Classification (CC)
Suppress in OPAC No
Holdings
Withdrawn status Lost status Source of classification or shelving scheme Damaged status Not for loan Home library Current library Date acquired Total Checkouts Full call number Barcode Date last seen Price effective from Koha item type
    Colon Classification (CC)     Arts Library Arts Library 2022-09-18   R3x K9 AL0383313 2022-09-18 2022-09-18 Textbook
Copyright @ Delhi University Library System